000 00434nab a2200145Ia 4500
003 ES-SlBCS
005 20210601124318.0
008 140529s1988 xxu||||| |||| 00| 0 eng d
041 _aeng
100 1 _aApple, Michael W.
_9139283
245 0 0 _aSocial Crisis and Curriculum Accords
_c Michael W. Apple
650 0 4 _aCrisis Social
_9139584
773 0 _tEducational Theory
_gvol. 38, nº. 2, 1988, págs. 191-202
_wRev1399
942 _cAR
999 _c512755
_d512755